000 00374cam a22001337a 4500
008 180718b2004 xxu||||| |||| 00| 0 eng d
082 _aB142x54 K128
245 _aIstri mukti ka sapna
_cedited by Arvind Jain and Liladher Mandloi
260 _aNew Delhi
_bVani Prakashan
_c2004
300 _a544p.
650 _aIstri
700 _aMandloi, Liladher
700 _aJain, Arvind
999 _c439102
_d439102